000 00305nam a2200121Ia 4500
008 191201s2014 xx 000 0 und d
100 _aPANDIAN, Punithavathy
245 0 _aSecurity Analysis and Portfolio Management
260 _aN. Delhi
_bVikas
_c2014
300 _a559
650 _aMBA
942 _2ddc
_cBK
999 _c6226
_d6226